000 00606nam a2200181Ia 4500
008 090630s9999 xx 000 0 und d
082 _b12898
100 _aराजे नयना.
245 _aजाहल्या काही चुका.
_cराजे नयना.
260 _bमुक्ता.
_c1994
300 _a196
600 _aराजे नयना.
630 _aजाहल्या काही चुका.
655 _aकादंबरी.
700 _aराजे नयना.
730 _aजाहल्या काही चुका.
942 _cBOOK
999 _c264754
_d264754